01098nam a2200241Ia 4500001000600000003000900006008004100015040001300056040001300069041001300082100001700095100002900112245006800141245006800209250001100277260001000288260000900298260004900307300004300356500040500399650002100804650003100825 3531IT-RoPAU130308s9999 xx 000 0 und d aIT-RoPAU cIT-RoPAU aFRANCESE aAyfre Amedee gCodice Aut. SPICS: 9711 aConversion aux Images?-Les images et dieu-Les images et l'homme bConversion Aux Images?-Les Images et Dieu-Les Images et L'Homme a1a ed. aPARIS bCerf c1964 [1° Ed.:1964 - Ed.Ling.Originale:1964] a"358 p. (prefazione: no ; testo: 358)" aConversione Alle immagini Immagini e Dio Arte Trascendenza e Libertà Dio nel Cinema Vergine Maria nel Cinema passione di Cristo nel Cinema di Rossellini Bunuel e Il Cristianesimoimmagini e Uomo Filosofia e Cinema Morale e Cinema neorealismo e fenomenologia neorealismo Italiano Robert Bresson Ingmar Bergman le Manteau Vacanze di Mister Hulot Piccolo Fuggitivo Autant Lara ultimo Giorno a Marienbad aSAGGI SUL CINEMA eCodice materia Spics: 6811